24 Pink/Purple Movie Posters Quiz Stats

 Plays Quiz Updated Sep 13, 2018

Score 0/24 Timer 06:00
1 Play Today
Hint Answer % Correct
Charlie and the Chocolate Factory
94.5%
It
91.1%
The Pink Panther
82.4%
The BFG
79.3%
Breakfast at Tiffany's
79%
Guardians of the Galaxy Vol. 2
72%
Pretty in Pink
68.1%
Baby Driver
65.6%
John Wick: Chapter 2
61.7%
The Peanuts Movie
58.5%
Moonlight
58%
The Bodyguard
56.5%
Hint Answer % Correct
Eyes Wide Shut
55.2%
Paul
53.1%
Ready Player One
51.9%
Dances with Wolves
51.6%
The Color Purple
45.4%
Fatal Attraction
42.9%
Allegiant
38.6%
The Hitman's Bodyguard
38%
My Fair Lady
30%
The Lovely Bones
26.4%
Lars and the Real Girl
24.7%
The Second Best Exotic Marigold Hotel
22.3%

You're not logged in!

Compare scores with friends on all Sporcle quizzes.
OR
Log In

Sporcle TV

Today on Sporcle TV


Watch our educational content, quiz creation guides, and fun videos on Sporcle TV.

Show Comments

Extras

Top Quizzes Today


Score Distribution

Your Account Isn't Verified!

In order to create a playlist on Sporcle, you need to verify the email address you used during registration. Go to your Sporcle Settings to finish the process.

Report this User

Report this user for behavior that violates our Community Guidelines.

Details: